Catálogo - Centro de Recursos para el Aprendizaje y la Investigación

Volver al Sitio - CRAI Biblioteca

Ley sobre justicia constitucional decreto No. 244-2003 : (Registro nro. 113974)

Detalles MARC
000 -CABECERA
campo de control de longitud fija 01377nam a2200289 4500
001 - NÚMERO DE CONTROL
campo de control 113974
003 - IDENTIFICADOR DEL NÚMERO DE CONTROL
campo de control DR-UNIBE
005 - FECHA Y HORA DE LA ÚLTIMA TRANSACCIÓN
campo de control 20250729143910.0
008 - DATOS DE LONGITUD FIJA--INFORMACIÓN GENERAL
campo de control de longitud fija 250729b2005 ho ||||| |||| 00| 0 spa d
020 ## - NÚMERO INTERNACIONAL ESTÁNDAR DEL LIBRO
Número Internacional Estándar del Libro 999266908X
040 ## - FUENTE DE LA CATALOGACIÓN
Centro catalogador/agencia de origen BIBLIOTECA UNIBE
Lengua de catalogación spa
Centro/agencia transcriptor BIBLIOTECA UNIBE
Normas de descripción rda
041 ## - CÓDIGO DE LENGUA
Código de lengua del texto/banda sonora o título independiente spa
082 ## - NÚMERO DE LA CLASIFICACIÓN DECIMAL DEWEY
Número de edición 22
Número de clasificación 342.9728 R426L
110 10 - ENTRADA PRINCIPAL--NOMBRE DE ENTIDAD CORPORATIVA
Nombre de entidad corporativa o nombre de jurisdicción como elemento de entrada República de Honduras. Leyes, decretos, etc.
9 (RLIN) 194690
Término indicativo de función/relación autor
245 10 - MENCIÓN DE TÍTULO
Título Ley sobre justicia constitucional decreto No. 244-2003 :
Resto del título Ley de amparo decreto No. 9 14 abril 1936
260 ## - PUBLICACIÓN, DISTRIBUCIÓN, ETC.
Lugar de publicación, distribución, etc. Tegicigalpa :
Nombre del editor, distribuidor, etc. Oim Editorial,
Fecha de publicación, distribución, etc. 2005
300 ## - DESCRIPCIÓN FÍSICA
Extensión 66 páginas :
Dimensiones 21 x 13 cm
490 ## - MENCIÓN DE SERIE
Mención de serie Colección de leyes hondureñas ;
Designación de volumen o secuencia 5
500 ## - NOTA GENERAL
Nota general Comentario de la obra en la contraportada
505 ## - NOTA DE CONTENIDO CON FORMATO
Nota de contenido con formato Título I. Disposiciones generales |<br/>Título II. De la acciones de protección de los derechos constitucionales |<br/>Título III. Del control de constitucionalidad |<br/>Título IV. De la revision |<br/>Título V. De los conflictos de competencia |<br/>Título VI. Disposiciones comunes a las acciones que regula esta Ley |<br/>Ley de Amparo 1936
650 #7 - PUNTO DE ACCESO ADICIONAL DE MATERIA--TÉRMINO DE MATERIA
Fuente del encabezamiento o término lemb
Término de materia o nombre geográfico como elemento de entrada Derecho constitucional
Subdivisión geográfica Honduras
9 (RLIN) 197965
650 #7 - PUNTO DE ACCESO ADICIONAL DE MATERIA--TÉRMINO DE MATERIA
Fuente del encabezamiento o término lemb
Término de materia o nombre geográfico como elemento de entrada Amparo (Derecho)
9 (RLIN) 197966
651 #7 - PUNTO DE ACCESO ADICIONAL DE MATERIA--NOMBRE GEOGRÁFICO
Fuente del encabezamiento o término lemb
Nombre geográfico Honduras
Subdivisión general Constitución
9 (RLIN) 197962
700 10 - PUNTO DE ACCESO ADICIONAL--NOMBRE DE PERSONA
Nombre de persona Martínez Velásquez, Otto Wilfredo
9 (RLIN) 194691
Término indicativo de función/relación editor
700 10 - PUNTO DE ACCESO ADICIONAL--NOMBRE DE PERSONA
Nombre de persona Flores, María T.
9 (RLIN) 194692
Término indicativo de función/relación editor
942 ## - ELEMENTOS DE PUNTO DE ACCESO ADICIONAL (KOHA)
Fuente del sistema de clasificación o colocación Sistema de Clasificación Decimal Dewey
Tipo de ítem Koha Libro (general)
Existencias
Estado de retiro Estado de pérdida Fuente del sistema de clasificación o colocación No para préstamo Código de colección Localización permanente Fecha de adquisición Total de préstamos Signatura topográfica completa Código de barras Fecha visto por última vez Número de copia Precio válido a partir de Tipo de ítem Koha
  Disponible Sistema de Clasificación Decimal Dewey   General Biblioteca Central UNIBE 10/06/2025   342.9728 R426L 250856 29/07/2025 Ej. 1 29/07/2025 Libro (general)